Statistics for Famous Costars Quiz

Click here to take the quiz!

General Stats

  • This quiz has been taken 16,028 times
    (3,130 since last reset)
  • The average score is 19 of 24

Answer Stats

Movie% Correct
Leonardo DiCaprio
97%
Tom Hanks
93%
Julia Roberts
91%
Kate Winslet
90%
Matt Damon
90%
Meg Ryan
90%
Bruce Willis
85%
Richard Gere
84%
Ben Stiller
83%
Tom Cruise
83%
Nicole Kidman
82%
Johnny Depp
80%
Ben Affleck
79%
Ryan Gosling
79%
Samuel L. Jackson
79%
Emma Stone
78%
Robert De Niro
76%
Jennifer Lawrence
74%
Owen Wilson
72%
Bradley Cooper
70%
Joe Pesci
63%
Helena Bonham Carter
62%
Robert Redford
61%
Paul Newman
59%

Score Distribution

Percentile by Number Answered

Percent of People with Each Score

Your Score History

You have not taken this quiz since the last reset